[Event "NAYCC U14"]
[Site "Toronto CAN"]
[Date "2013.08.16"]
[Round "5"]
[White "D'Amore, Tyler"]
[Black "Song, Eric"]
[Result "1-0"]
[WhiteElo "1036"]
[BlackElo "1759"]
[PlyCount "175"]
[GameId "2160767909284095"]
[EventDate "2013.08.14"]
[EventType "swiss"]
[EventRounds "9"]
[EventCountry "CAN"]
[SourceTitle "EXT 2022"]
[Source "ChessBase"]
[SourceDate "2021.10.06"]
[SourceVersion "1"]
[SourceVersionDate "2021.10.06"]
[SourceQuality "1"]

1. e4 e6 2. d4 d5 3. Nc3 Bb4 4. e5 c5 5. a3 cxd4 6. axb4 dxc3 7. Qg4 cxb2 8. Bxb2 Ne7 9. Qxg7 Rg8 10. Qxh7 Qc7 11. Qd3 Nbc6 12. Qc3 d4 13. Qc4 Qxe5+ 14. Ne2 Nd5 15. Bxd4 Nxd4 16. Qxd4 Qxd4 17. Nxd4 Nxb4 18. Bb5+ Bd7 19. Bxd7+ Kxd7 20. O-O Rgc8 21. Rfc1 e5 22. c3 exd4 23. cxb4 Rxc1+ 24. Rxc1 a5 25. bxa5 Rxa5 26. h4 Kd6 27. Kf1 b5 28. h5 b4 29. Rc4 d3 30. Ke1 Rxh5 31. Rxb4 Kc5 32. Rf4 Rd5 33. Rxf7 Kd4 34. Kd2 Ra5 35. Rd7+ Ke4 36. f3+ Kf4 37. Rf7+ Kg3 38. Rg7+ Kf4 39. Kxd3 Re5 40. Rg4+ Kf5 41. Re4 Ra5 42. g4+ Kg5 43. Rd4 Ra1 44. Rd5+ Kf6 45. Rf5+ Kg6 46. Ke4 Ra4+ 47. Ke3 Ra3+ 48. Kf2 Ra2+ 49. Kg3 Ra3 50. Re5 Kf6 51. Kf4 Ra4+ 52. Re4 Ra3 53. g5+ Kf7 54. Kg4 Kg6 55. Re6+ Kf7 56. Rf6+ Kg7 57. f4 Ra4 58. Kh5 Ra5 59. f5 Rb5 60. Rg6+ Kh7 61. Rh6+ Kg7 62. f6+ Kf7 63. Rh7+ Kg8 64. Kh6 Rb6 65. Rg7+ Kh8 66. Rf7 Kg8 67. Kg6 Ra6 68. Rd7 Ra8 69. f7+ Kf8 70. Rd6 Rc8 71. Rf6 Rc5 72. Re6 Rc8 73. Re8+ Rxe8 74. fxe8=Q+ Kxe8 75. Kh7 Kf7 76. g6+ Kf6 77. g7 Ke5 78. g8=Q Kf6 79. Qe8 Kg5 80. Qf7 Kg4 81. Qf6 Kh3 82. Qg5 Kh2 83. Qg4 Kh1 84. Kg6 Kh2 85. Kf5 Kh1 86. Kf4 Kh2 87. Kf3 Kh1 88. Qg2# 1-0

[Event "NAYCC U14"]
[Site "Toronto CAN"]
[Date "2013.08.16"]
[Round "5"]
[White "Dommalapati, Abhinay"]
[Black "Michelashvili, Alexandre"]
[Result "0-1"]
[WhiteElo "1945"]
[BlackElo "1759"]
[PlyCount "70"]
[GameId "2160767909284096"]
[EventDate "2013.08.14"]
[EventType "swiss"]
[EventRounds "9"]
[EventCountry "CAN"]
[SourceTitle "EXT 2022"]
[Source "ChessBase"]
[SourceDate "2021.10.06"]
[SourceVersion "1"]
[SourceVersionDate "2021.10.06"]
[SourceQuality "1"]

1. d4 d5 2. c4 e6 3. Nc3 Nf6 4. cxd5 exd5 5. Bg5 Be7 6. e3 O-O 7. Qc2 h6 8. Bh4 b6 9. Bd3 Bb7 10. Nf3 Nbd7 11. O-O Re8 12. Rfd1 c6 13. Rac1 Ne4 14. Bxe7 Qxe7 15. Qe2 Nxc3 16. bxc3 Rec8 17. Bf5 Re8 18. c4 Ba6 19. Bd3 Qd6 20. cxd5 Bxd3 21. Rxd3 Qxd5 22. Rdc3 c5 23. dxc5 Nxc5 24. Rd1 Qb7 25. Nd4 Rad8 26. Rcc1 Rd5 27. Nb5 Red8 28. Rd4 a6 29. Rxd5 Qxd5 30. Nd4 Re8 31. Qg4 Qxa2 32. Nf5 Qb2 33. Rd1 Qf6 34. Rd6 Re6 35. Rxe6 Qa1+ 0-1

[Event "NAYCC U14"]
[Site "Toronto CAN"]
[Date "2013.08.16"]
[Round "5"]
[White "Forsyth, Dane"]
[Black "Yaskolko, Alexander"]
[Result "0-1"]
[WhiteElo "1180"]
[BlackElo "1720"]
[PlyCount "122"]
[GameId "2160767909284097"]
[EventDate "2013.08.14"]
[EventType "swiss"]
[EventRounds "9"]
[EventCountry "CAN"]

1. d4 Nf6 2. c4 e5 3. dxe5 Ng4 4. Nf3 Bc5 5. e3 Nc6 6. Qd5 Qe7 7. Nc3 Ngxe5 8. Nxe5 Nxe5 9. Ne4 Bb4+ 10. Bd2 Bxd2+ 11. Nxd2 O-O 12. Be2 d6 13. O-O Ng6 14. Bd3 Qf6 15. b3 Ne5 16. f4 Nxd3 17. Qxd3 Re8 18. Nf3 Bf5 19. Qd2 Re7 20. Rae1 Rae8 21. Nd4 a6 22. Nxf5 Qxf5 23. Rf3 Qc5 24. Kh1 b5 25. cxb5 axb5 26. h3 Qb6 27. Rg3 d5 28. Qxd5 Re6 29. Qd2 c5 30. Qc3 g6 31. a3 Re4 32. Qd2 Qa6 33. Qb2 Qa5 34. Re2 b4 35. Rc2 Qxa3 36. Qxa3 bxa3 37. Ra2 Rxe3 38. Rxe3 Rxe3 39. Rxa3 Kg7 40. Kg1 c4 41. Kf2 Rxb3 42. Ra4 c3 43. Rc4 Kf6 44. Ke2 Rb2+ 45. Kf3 Rc2 46. g4 Ke6 47. Ke4 Rc1 48. Kd3 Rh1 49. Rxc3 Rxh3+ 50. Kd4 Rxc3 51. Kxc3 g5 52. Kd3 gxf4 53. Ke4 h6 54. Kxf4 Kf6 55. Kg3 Kg5 56. Kf3 Kh4 57. Kf4 Kh3 58. g5 h5 59. Kf5 Kg3 60. g6 fxg6+ 61. Kxg6 h4 0-1

[Event "NAYCC U14"]
[Site "Toronto CAN"]
[Date "2013.08.16"]
[Round "5"]
[White "Hua, Justin"]
[Black "Lee, Stefano"]
[Result "1-0"]
[WhiteElo "1210"]
[BlackElo "922"]
[PlyCount "81"]
[GameId "2160767909284099"]
[EventDate "2013.08.14"]
[EventType "swiss"]
[EventRounds "9"]
[EventCountry "CAN"]
[SourceTitle "EXT 2022"]
[Source "ChessBase"]
[SourceDate "2021.10.06"]
[SourceVersion "1"]
[SourceVersionDate "2021.10.06"]
[SourceQuality "1"]

1. e4 c6 2. d4 d5 3. e5 Bf5 4. Bd3 Bxd3 5. Qxd3 e6 6. Nf3 Ne7 7. Bg5 Qb6 8. b3 h6 9. Bh4 Nf5 10. Bg3 Be7 11. O-O O-O 12. Nbd2 c5 13. c4 cxd4 14. cxd5 Bb4 15. Nc4 Qc5 16. d6 b5 17. Ncd2 Nd7 18. Ne4 Qb6 19. Rac1 Rac8 20. Bf4 Qa6 21. Bd2 Ba3 22. Rxc8 Rxc8 23. Nxd4 Nxe5 24. Qxb5 Qxb5 25. Nxb5 a6 26. Nxa3 Nd4 27. Re1 Ndf3+ 28. gxf3 Nxf3+ 29. Kf1 Nxe1 30. Kxe1 f5 31. Ng3 Rd8 32. Nc4 Kf7 33. Ba5 Rb8 34. Ne5+ Kg8 35. d7 Rb5 36. d8=Q+ Kh7 37. Qc7 Kg8 38. Nh5 Rxe5+ 39. Qxe5 Kf8 40. Qxg7+ Ke8 41. Nf6# 1-0

[Event "NAYCC U14"]
[Site "Toronto CAN"]
[Date "2013.08.16"]
[Round "5"]
[White "Huang, Patrick"]
[Black "Kong, Aaron"]
[Result "1-0"]
[WhiteElo "1632"]
[BlackElo "1154"]
[PlyCount "131"]
[GameId "2160767909284100"]
[EventDate "2013.08.14"]
[EventType "swiss"]
[EventRounds "9"]
[EventCountry "CAN"]
[SourceTitle "EXT 2022"]
[Source "ChessBase"]
[SourceDate "2021.10.06"]
[SourceVersion "1"]
[SourceVersionDate "2021.10.06"]
[SourceQuality "1"]

1. d4 d5 2. c4 e6 3. Nc3 Nf6 4. cxd5 exd5 5. Bg5 Nbd7 6. e3 Be7 7. Bd3 Nb6 8. Nge2 Ne4 9. Bf4 Nxc3 10. Nxc3 Bd6 11. Bg3 c6 12. Qc2 Bxg3 13. hxg3 Qf6 14. O-O-O Bd7 15. e4 g6 16. exd5 O-O 17. dxc6 Bxc6 18. Be4 Rac8 19. Kb1 Bxe4 20. Nxe4 Qf5 21. Qd3 Rfd8 22. g4 Qf4 23. g3 Qc7 24. Nf6+ Kg7 25. g5 h5 26. Rxh5 gxh5 27. Qh7+ Kf8 28. Re1 Qc2+ 29. Qxc2 Rxc2 30. Kxc2 a6 31. Kd3 Nc8 32. d5 Ne7 33. Kd4 Nf5+ 34. Ke5 Ng7 35. Rc1 b5 36. Rc7 Ne8 37. Nxe8 Rxe8+ 38. Kf6 Rd8 39. Rxf7+ Kg8 40. Rc7 Rd6+ 41. Ke5 Rd8 42. d6 Re8+ 43. Re7 Rd8 44. Ke6 Kf8 45. Rf7+ Kg8 46. d7 a5 47. Re7 Kf8 48. Re8+ Rxe8+ 49. dxe8=Q+ Kxe8 50. Kf6 Kf8 51. Kg6 Kg8 52. b3 a4 53. b4 a3 54. f4 h4 55. gxh4 Kh8 56. Kf7 Kh7 57. g6+ Kh6 58. g7 Kh5 59. g8=Q Kxh4 60. Ke6 Kh3 61. f5 Kh4 62. f6 Kh5 63. f7 Kh6 64. f8=R Kh5 65. Rf1 Kh4 66. Rh1# 1-0

[Event "NAYCC U14"]
[Site "Toronto CAN"]
[Date "2013.08.16"]
[Round "5"]
[White "Lei, Sean"]
[Black "Valdez Torres, Nestor Josue"]
[Result "0-1"]
[WhiteElo "1310"]
[BlackElo "1903"]
[PlyCount "88"]
[GameId "2160767909284101"]
[EventDate "2013.08.14"]
[EventType "swiss"]
[EventRounds "9"]
[EventCountry "CAN"]
[SourceTitle "EXT 2022"]
[Source "ChessBase"]
[SourceDate "2021.10.06"]
[SourceVersion "1"]
[SourceVersionDate "2021.10.06"]
[SourceQuality "1"]

1. e4 c5 2. Nf3 d6 3. c3 Nf6 4. Be2 g6 5. d4 cxd4 6. cxd4 Nc6 7. O-O Bg7 8. Be3 O-O 9. Nc3 e5 10. d5 Ne7 11. Nd2 a6 12. a4 Nd7 13. Nc4 Qc7 14. a5 f5 15. f3 f4 16. Bf2 g5 17. Rc1 Rf6 18. Nb6 Nxb6 19. Bxb6 Qd7 20. Qa4 h6 21. Rc2 Rf8 22. Rfc1 Kf7 23. Qa3 h5 24. Na4 Qe8 25. Rc7 Kg8 26. Qxd6 Bf6 27. b3 g4 28. Nc5 Ng6 29. Nxb7 Rb8 30. Nc5 gxf3 31. Bxf3 Nh4 32. Kf2 Nxf3 33. gxf3 Bh4+ 34. Ke2 Rf6 35. Rg7+ Kxg7 36. Qxb8 Qg6 37. Qc7+ Rf7 38. Qxe5+ Bf6 39. Qxf4 Qg2+ 40. Kd1 Bg5 41. Qe5+ Kh7 42. Qc3 Rxf3 43. Nd3 Rf1+ 44. Ne1 Bg4+ 0-1

[Event "NAYCC U14"]
[Site "Toronto CAN"]
[Date "2013.08.16"]
[Round "5"]
[White "Nitu, Vladimir"]
[Black "Doknjas, John"]
[Result "0-1"]
[WhiteElo "1446"]
[BlackElo "2086"]
[PlyCount "100"]
[GameId "2160767909284102"]
[EventDate "2013.08.14"]
[EventType "swiss"]
[EventRounds "9"]
[EventCountry "CAN"]

1. d4 Nf6 2. c4 c5 3. d5 e6 4. Nc3 exd5 5. cxd5 d6 6. e4 g6 7. f4 Bg7 8. Nf3 O-O 9. Bd3 Bg4 10. O-O Nbd7 11. Qc2 Bxf3 12. Rxf3 Rc8 13. b3 Ng4 14. g3 c4 15. Bxc4 b5 16. Bxb5 Qb6+ 17. Kg2 Qxb5 18. Bb2 Qc5 19. Qd2 Qb4 20. Re1 Rfe8 21. h3 Ngf6 22. Rfe3 Nxe4 23. Rxe4 Rxe4 24. Rxe4 Bxc3 25. Rxb4 Bxd2 26. Rb7 Rc2 27. Rxd7 Rxb2 28. Kf1 Rxa2 29. Rxd6 Bb4 30. Rd8+ Kg7 31. d6 Rd2 32. d7 Be7 33. Rb8 Rxd7 34. b4 Rd3 35. Rb7 Bf8 36. b5 Bc5 37. Kg2 Bb6 38. Re7 Rd5 39. Re5 Rxe5 40. fxe5 Bd4 41. Kf3 Bxe5 42. g4 f5 43. gxf5 gxf5 44. Ke3 Kf6 45. Kd3 Kg5 46. Kc4 f4 47. Kc5 f3 48. Kc6 f2 49. Kb7 f1=Q 50. Kxa7 Qxb5 0-1

[Event "NAYCC U14"]
[Site "Toronto CAN"]
[Date "2013.08.16"]
[Round "5"]
[White "Pillai, Kadhir A"]
[Black "Tao, Jeffrey"]
[Result "1/2-1/2"]
[WhiteElo "2134"]
[BlackElo "1958"]
[PlyCount "56"]
[GameId "2160767909284103"]
[EventDate "2013.08.14"]
[EventType "swiss"]
[EventRounds "9"]
[EventCountry "CAN"]
[SourceTitle "EXT 2022"]
[Source "ChessBase"]
[SourceDate "2021.10.06"]
[SourceVersion "1"]
[SourceVersionDate "2021.10.06"]
[SourceQuality "1"]

1. e4 c5 2. Nf3 d6 3. d4 cxd4 4. Nxd4 Nf6 5. Nc3 a6 6. Be2 e6 7. O-O Be7 8. Be3 Qc7 9. Kh1 b5 10. Bf3 Bb7 11. Qd3 Nbd7 12. a4 Nc5 13. Qe2 b4 14. Na2 Ncxe4 15. Nc1 O-O 16. Nd3 d5 17. Bf4 Bd6 18. Bxd6 Qxd6 19. c3 Rfe8 20. Bxe4 Nxe4 21. f3 Nc5 22. Nxc5 Qxc5 23. f4 Rad8 24. Qg4 Bc8 25. Qh5 Bd7 26. Rf3 Qd6 27. Raf1 g6 28. Qh4 Qe7 1/2-1/2

[Event "NAYCC U14"]
[Site "Toronto CAN"]
[Date "2013.08.16"]
[Round "5"]
[White "Sirkovich, Daniel"]
[Black "Cheung, Lukas"]
[Result "1-0"]
[WhiteElo "1768"]
[BlackElo "1604"]
[PlyCount "95"]
[GameId "2160767909284104"]
[EventDate "2013.08.14"]
[EventType "swiss"]
[EventRounds "9"]
[EventCountry "CAN"]
[SourceTitle "EXT 2022"]
[Source "ChessBase"]
[SourceDate "2021.10.06"]
[SourceVersion "1"]
[SourceVersionDate "2021.10.06"]
[SourceQuality "1"]

1. e4 Nc6 2. d4 d5 3. exd5 Qxd5 4. Be3 e5 5. Ne2 Nf6 6. Nbc3 Bb4 7. a3 exd4 8. Bxd4 Bxc3+ 9. Bxc3 Qf5 10. Ng3 Qe6+ 11. Be2 O-O 12. O-O Nd5 13. Qd2 b6 14. Bc4 Nce7 15. Rfe1 Qc6 16. Qd4 Nxc3 17. Rxe7 Bb7 18. f3 Na4 19. Nf5 Qg6 20. Bd3 Nc5 21. Rxc7 Qf6 22. Qxf6 gxf6 23. Bc4 Ba6 24. Bxf7+ Kh8 25. Bd5 Rad8 26. Ba2 Rd2 27. Rxa7 Rg8 28. Bxg8 Kxg8 29. Re1 Bb7 30. b4 Bc6 31. bxc5 Bd7 32. c6 Bxc6 33. Ne7+ Kf7 34. Nxc6+ Kg6 35. Ne7+ Kg5 36. Ra6 Rxc2 37. Rxb6 Ra2 38. Ng8 f5 39. Rb5 Rxa3 40. Ne7 Kh6 41. Nxf5+ Kg6 42. h4 h6 43. Re6+ Kf7 44. Rxh6 Ra1+ 45. Kh2 Kg8 46. Rb7 Ra5 47. Rg7+ Kf8 48. Rh8# 1-0

[Event "NAYCC U14"]
[Site "Toronto CAN"]
[Date "2013.08.16"]
[Round "5"]
[White "Wang, Eric1"]
[Black "Tanenbaum, Zachary Chen"]
[Result "1/2-1/2"]
[WhiteElo "1870"]
[BlackElo "2143"]
[PlyCount "55"]
[GameId "2160767909284105"]
[EventDate "2013.08.14"]
[EventType "swiss"]
[EventRounds "9"]
[EventCountry "CAN"]
[SourceTitle "EXT 2022"]
[Source "ChessBase"]
[SourceDate "2021.10.06"]
[SourceVersion "1"]
[SourceVersionDate "2021.10.06"]
[SourceQuality "1"]

1. d4 d5 2. c4 Bf5 3. cxd5 Bxb1 4. Qa4+ c6 5. Rxb1 Qxd5 6. Ra1 Nd7 7. Nf3 Ngf6 8. g3 e6 9. Bg2 Qh5 10. Bd2 Ne4 11. Bc3 Be7 12. O-O O-O 13. Rac1 Rfd8 14. Rfd1 Ndf6 15. Qc2 Rac8 16. Qa4 a6 17. Be1 c5 18. dxc5 Bxc5 19. e3 Qf5 20. Nh4 Qe5 21. Bc3 Nxc3 22. Rxc3 Be7 23. Rxc8 Rxc8 24. Bxb7 Rb8 25. Qxa6 Qxb2 26. Bf3 h6 27. Ng2 Qc2 28. Ne1 1/2-1/2

[Event "NAYCC U14"]
[Site "Toronto CAN"]
[Date "2013.08.16"]
[Round "5"]
[White "Yanchev, Venelin"]
[Black "D'Alonzo, Joseph"]
[Result "0-1"]
[WhiteElo "550"]
[BlackElo "1228"]
[PlyCount "96"]
[GameId "2160767909284106"]
[EventDate "2013.08.14"]
[EventType "swiss"]
[EventRounds "9"]
[EventCountry "CAN"]
[SourceTitle "EXT 2022"]
[Source "ChessBase"]
[SourceDate "2021.10.06"]
[SourceVersion "1"]
[SourceVersionDate "2021.10.06"]
[SourceQuality "1"]

1. d4 e6 2. e3 d5 3. c4 Nf6 4. c5 b6 5. Bb5+ Bd7 6. c6 Bxc6 7. Bxc6+ Nxc6 8. Qa4 Qd7 9. Nf3 Bd6 10. O-O O-O 11. b3 Ne7 12. Ba3 Qxa4 13. bxa4 Ng6 14. Bxd6 cxd6 15. Rc1 Rac8 16. Na3 a6 17. Rab1 Ne4 18. g3 Nc3 19. Rb2 Ne2+ 20. Rxe2 Rxc1+ 21. Ne1 Rfc8 22. Kf1 R8c3 23. Nac2 Rc4 24. a5 bxa5 25. h4 Ra4 26. a3 e5 27. e4 dxe4 28. Rxe4 f6 29. Kg2 Nf8 30. g4 Ne6 31. g5 fxg5 32. hxg5 Nxg5 33. Rg4 Ne6 34. Ne3 Rxd4 35. Rxd4 Nxd4 36. Kf1 Rc3 37. Nd5 Rxa3 38. Ne7+ Kf7 39. Nc8 Ke6 40. Nb6 Nf3 41. Nc2 Rb3 42. Na4 Rb1+ 43. Ke2 Nd4+ 44. Kd2 Nxc2 45. Kxc2 Rf1 46. Nb2 Rxf2+ 47. Kc3 Rxb2 48. Kxb2 h5 0-1

[Event "NAYCC U14"]
[Site "Toronto CAN"]
[Date "2013.08.16"]
[Round "5"]
[White "Ye, Hanyuan"]
[Black "Handigol, Abhishek"]
[Result "1/2-1/2"]
[WhiteElo "1971"]
[BlackElo "2023"]
[PlyCount "71"]
[GameId "2160767909284107"]
[EventDate "2013.08.14"]
[EventType "swiss"]
[EventRounds "9"]
[EventCountry "CAN"]
[SourceTitle "EXT 2022"]
[Source "ChessBase"]
[SourceDate "2021.10.06"]
[SourceVersion "1"]
[SourceVersionDate "2021.10.06"]
[SourceQuality "1"]

1. e4 e5 2. Nf3 d5 3. Nxe5 Bd6 4. d4 dxe4 5. Bc4 Bxe5 6. dxe5 Qxd1+ 7. Kxd1 Bg4+ 8. Be2 Bxe2+ 9. Kxe2 Nc6 10. Nc3 Nd4+ 11. Kd1 O-O-O 12. Bd2 f5 13. exf6 Nxf6 14. Kc1 Rhe8 15. Be3 Nf5 16. Re1 h6 17. h3 Nh4 18. Rg1 a6 19. b3 b5 20. Kb2 Nf5 21. Rad1 Nxe3 22. fxe3 b4 23. Na4 Nd5 24. Rge1 Kb7 25. c4 bxc3+ 26. Nxc3 Nb4 27. Rxd8 Rxd8 28. Re2 Re8 29. a3 Nd3+ 30. Kc2 Nc5 31. Rd2 Kc6 32. b4 Nd3 33. Kb3 Re5 34. a4 Kb6 35. Kc4 Re6 36. Nd5+ 1/2-1/2

[Event "NAYCC U14"]
[Site "Toronto CAN"]
[Date "2013.08.16"]
[Round "5"]
[White "Yu, Wenlu"]
[Black "Roque Sola, Jose Luis"]
[Result "1/2-1/2"]
[WhiteElo "2002"]
[BlackElo "1747"]
[PlyCount "94"]
[GameId "2160767909284108"]
[EventDate "2013.08.14"]
[EventType "swiss"]
[EventRounds "9"]
[EventCountry "CAN"]
[SourceTitle "EXT 2022"]
[Source "ChessBase"]
[SourceDate "2021.10.06"]
[SourceVersion "1"]
[SourceVersionDate "2021.10.06"]
[SourceQuality "1"]

1. e4 e6 2. d4 d5 3. exd5 exd5 4. Bd3 Bd6 5. Nc3 c6 6. Nce2 Ne7 7. Ng3 Nd7 8. N1e2 Nf6 9. c3 Ng6 10. Qc2 Be6 11. O-O Qc7 12. b4 O-O 13. a4 Nf4 14. Nxf4 Bxf4 15. Bxf4 Qxf4 16. Rae1 Qh6 17. Re5 g6 18. f3 Rfe8 19. Rfe1 Rad8 20. Qf2 Kf8 21. Qe3 Qxe3+ 22. R5xe3 Bc8 23. Kf2 Re6 24. Rxe6 Bxe6 25. Ne2 Re8 26. Nf4 Bd7 27. a5 g5 28. Rxe8+ Kxe8 29. Ne2 b6 30. Ng3 h5 31. Ne2 Ke7 32. g3 Kd6 33. axb6 axb6 34. Ke3 Be6 35. Nc1 Bd7 36. Nb3 Ne8 37. f4 f6 38. Bg6 Ng7 39. fxg5 fxg5 40. Nd2 Bf5 41. Bxf5 Nxf5+ 42. Kd3 g4 43. c4 h4 44. gxh4 Nxh4 45. c5+ bxc5 46. bxc5+ Ke6 47. Ke3 Ng2+ 1/2-1/2

[Event "NAYCC U14"]
[Site "Toronto CAN"]
[Date "2013.08.16"]
[Round "5"]
[White "Zhang, Jeff"]
[Black "Saha, Ananda"]
[Result "0-1"]
[WhiteElo "1493"]
[BlackElo "1806"]
[PlyCount "124"]
[GameId "2160767909284109"]
[EventDate "2013.08.14"]
[EventType "swiss"]
[EventRounds "9"]
[EventCountry "CAN"]
[SourceTitle "EXT 2022"]
[Source "ChessBase"]
[SourceDate "2021.10.06"]
[SourceVersion "1"]
[SourceVersionDate "2021.10.06"]
[SourceQuality "1"]

1. e4 e5 2. Nf3 Nc6 3. Bc4 Bc5 4. c3 Nf6 5. d4 exd4 6. cxd4 Bb4+ 7. Nc3 Bxc3+ 8. bxc3 Nxe4 9. O-O O-O 10. Qc2 d5 11. Bd3 Re8 12. Re1 Bf5 13. Bf4 Ne7 14. Nh4 Bg6 15. Nxg6 Nxg6 16. Bxe4 Nxf4 17. Bxh7+ Kh8 18. Rxe8+ Qxe8 19. Qf5 Ne2+ 20. Kh1 Qe6 21. Qh5 Nf4 22. Qf3 Re8 23. h3 Qh6 24. Bd3 Re6 25. Rb1 b6 26. Kg1 Nxd3 27. Qxd3 Qh7 28. Qb5 Qc2 29. Qb2 Qxb2 30. Rxb2 Re1+ 31. Kh2 Rc1 32. Re2 Rxc3 33. Re8+ Kh7 34. Rd8 Rd3 35. Rxd5 c5 36. Rd7 Rxd4 37. Rxa7 f6 38. Rb7 Rd6 39. Rc7 Rd2 40. Rc6 Rxf2 41. Rxb6 Rxa2 42. Rc6 Rc2 43. Kg3 Kg6 44. Kf3 Kf5 45. Kg3 g5 46. Rc8 c4 47. Rc5+ Ke4 48. Rc6 f5 49. Rg6 f4+ 50. Kh2 f3 51. Kg1 Rxg2+ 52. Kf1 c3 53. Rc6 c2 54. Rc8 Rh2 55. Re8+ Kf4 56. Rc8 c1=R+ 57. Rxc1 Rh1+ 58. Kf2 Rxc1 59. h4 Rc2+ 60. Ke1 f2+ 61. Kf1 Kf3 62. hxg5 Rc1# 0-1

[Event "NAYCC U14"]
[Site "Toronto CAN"]
[Date "2013.08.16"]
[Round "5"]
[White "Zhong, Joey"]
[Black "Guo, Richard"]
[Result "1-0"]
[WhiteElo "1901"]
[BlackElo "1766"]
[PlyCount "51"]
[GameId "2160767909284110"]
[EventDate "2013.08.14"]
[EventType "swiss"]
[EventRounds "9"]
[EventCountry "CAN"]
[SourceTitle "EXT 2022"]
[Source "ChessBase"]
[SourceDate "2021.10.06"]
[SourceVersion "1"]
[SourceVersionDate "2021.10.06"]
[SourceQuality "1"]

1. d4 d6 2. Nf3 Nf6 3. c4 g6 4. Nc3 Bg7 5. e4 O-O 6. Be2 e5 7. O-O Nc6 8. d5 Ne7 9. b4 a5 10. Ba3 axb4 11. Bxb4 Nd7 12. a4 f5 13. Nd2 f4 14. Bg4 Nf6 15. Bxc8 Qxc8 16. c5 Qd7 17. Nc4 Nc8 18. f3 b6 19. cxd6 Nxd6 20. Bxd6 cxd6 21. Nb5 Qc8 22. Ncxd6 Qc5+ 23. Kh1 Rfb8 24. Rc1 Qb4 25. Rc4 Qb2 26. Kg1 1-0

[Event "NAYCC U14"]
[Site "Toronto CAN"]
[Date "2013.08.17"]
[Round "6"]
[White "Baskaran, Karthik"]
[Black "Hua, Justin"]
[Result "1-0"]
[WhiteElo "1382"]
[BlackElo "1210"]
[PlyCount "97"]
[GameId "2160767909284111"]
[EventDate "2013.08.14"]
[EventType "swiss"]
[EventRounds "9"]
[EventCountry "CAN"]
[SourceTitle "EXT 2022"]
[Source "ChessBase"]
[SourceDate "2021.10.06"]
[SourceVersion "1"]
[SourceVersionDate "2021.10.06"]
[SourceQuality "1"]

1. e4 e5 2. Nf3 Nc6 3. Bc4 Nf6 4. d3 Be7 5. Nc3 d6 6. h3 Be6 7. Bb3 Nd4 8. Be3 Nxb3 9. axb3 Qd7 10. Ng5 O-O 11. f4 exf4 12. Bxf4 Qc6 13. O-O Nd7 14. Nxe6 fxe6 15. Qg4 Qc5+ 16. Kh1 Rf6 17. Rad1 Rg6 18. d4 Qc6 19. Qe2 Rf8 20. d5 Qc5 21. Be3 Rxf1+ 22. Rxf1 Qb4 23. dxe6 Rxe6 24. Qg4 Rf6 25. Rxf6 Nxf6 26. Qc8+ Kf7 27. Qxc7 Nxe4 28. Qxe7+ Kxe7 29. Nd5+ Kd7 30. Nxb4 Ng3+ 31. Kg1 a5 32. Nd5 Nf5 33. Bb6 Kc6 34. c4 Ng3 35. Bxa5 Ne2+ 36. Kf2 Nd4 37. Bc3 Nxb3 38. Bxg7 Kc5 39. Ne3 Nd2 40. Kg3 Nxc4 41. Nxc4 Kxc4 42. Kf3 Kd3 43. g4 d5 44. h4 d4 45. g5 Kc4 46. h5 d3 47. Ke3 b5 48. g6 hxg6 49. hxg6 1-0

[Event "NAYCC U14"]
[Site "Toronto CAN"]
[Date "2013.08.17"]
[Round "6"]
[White "Bian, Alex"]
[Black "Bellissimo, Joseph"]
[Result "1/2-1/2"]
[WhiteElo "2059"]
[BlackElo "1999"]
[PlyCount "46"]
[GameId "2160767909284112"]
[EventDate "2013.08.14"]
[EventType "swiss"]
[EventRounds "9"]
[EventCountry "CAN"]
[SourceTitle "EXT 2022"]
[Source "ChessBase"]
[SourceDate "2021.10.06"]
[SourceVersion "1"]
[SourceVersionDate "2021.10.06"]
[SourceQuality "1"]

1. e4 e6 2. d4 d5 3. Nc3 Nf6 4. Bg5 dxe4 5. Nxe4 Be7 6. Bxf6 Bxf6 7. Nf3 Nd7 8. c3 O-O 9. Bd3 b6 10. O-O Bb7 11. Ng3 c5 12. Be4 Qc7 13. Qd2 h6 14. Rfe1 Rad8 15. Rad1 cxd4 16. cxd4 Be7 17. Rc1 Qb8 18. Bxb7 Qxb7 19. h3 Nf6 20. Qe2 Bd6 21. Ne5 Rc8 22. Nh5 Nxh5 23. Qxh5 Bxe5 1/2-1/2

[Event "NAYCC U14"]
[Site "Toronto CAN"]
[Date "2013.08.17"]
[Round "6"]
[White "Chen, George"]
[Black "Balachandran, Shesan"]
[Result "0-1"]
[WhiteElo "1158"]
[BlackElo "1227"]
[PlyCount "74"]
[GameId "2160767909284113"]
[EventDate "2013.08.14"]
[EventType "swiss"]
[EventRounds "9"]
[EventCountry "CAN"]
[SourceTitle "EXT 2022"]
[Source "ChessBase"]
[SourceDate "2021.10.06"]
[SourceVersion "1"]
[SourceVersionDate "2021.10.06"]
[SourceQuality "1"]

1. e4 e5 2. Nf3 Nc6 3. Bc4 Bc5 4. O-O Nf6 5. d3 h6 6. b3 O-O 7. Bb2 d6 8. h3 a6 9. a4 Nh5 10. d4 exd4 11. Nxd4 Qg5 12. Nf3 Qg6 13. Kh2 Nf4 14. Ne1 Qxe4 15. Bd3 Qe6 16. Qf3 Nxd3 17. Nxd3 Ba7 18. Nf4 Qf5 19. Qg3 Nd4 20. Ne2 Qe5 21. Qxe5 dxe5 22. Re1 Nxc2 23. Na3 Nxa1 24. Rxa1 Bxf2 25. Bxe5 Be6 26. Rb1 c6 27. Nf4 Bc5 28. b4 Ba7 29. Nh5 Bb8 30. Bxb8 Raxb8 31. Rc1 b5 32. a5 Rbc8 33. Nf4 Rfe8 34. Nd3 Bd5 35. Nb1 Re2 36. Nf4 Re5 37. Nc3 Bc4 0-1

[Event "NAYCC U14"]
[Site "Toronto CAN"]
[Date "2013.08.17"]
[Round "6"]
[White "Cheung, Lukas"]
[Black "Kong, Aaron"]
[Result "1-0"]
[WhiteElo "1604"]
[BlackElo "1154"]
[PlyCount "85"]
[GameId "2160767909284114"]
[EventDate "2013.08.14"]
[EventType "swiss"]
[EventRounds "9"]
[EventCountry "CAN"]
[SourceTitle "EXT 2022"]
[Source "ChessBase"]
[SourceDate "2021.10.06"]
[SourceVersion "1"]
[SourceVersionDate "2021.10.06"]
[SourceQuality "1"]

1. d4 d5 2. c4 e6 3. Nc3 Nf6 4. Nf3 c5 5. Bg5 cxd4 6. Nxd4 Nbd7 7. cxd5 exd5 8. Qa4 Be7 9. Bxf6 Bxf6 10. Nxd5 O-O 11. e3 Nb6 12. Nxf6+ Qxf6 13. Qc2 Re8 14. Be2 Bd7 15. O-O Rac8 16. Qd3 Red8 17. Rac1 Bc6 18. Qa3 Qg6 19. Nxc6 Rxc6 20. Bf3 Nc4 21. Qe7 Qf6 22. Qxf6 Rxf6 23. Rxc4 h6 24. Rc7 b6 25. Rxa7 Rd2 26. b3 Rfd6 27. Rc1 g6 28. h3 Kg7 29. Rcc7 Rf6 30. b4 Rdd6 31. a4 h5 32. b5 Kf8 33. Bc6 Rd2 34. f3 Rf5 35. Rcb7 Rg5 36. Rxf7+ Kg8 37. Rg7+ Kh8 38. f4 Rc5 39. Rgb7 Rd8 40. Rxb6 g5 41. e4 g4 42. Bd5 g3 43. Rh6# 1-0

[Event "NAYCC U14"]
[Site "Toronto CAN"]
[Date "2013.08.17"]
[Round "6"]
[White "Doknjas, John"]
[Black "Tao, Jeffrey"]
[Result "1/2-1/2"]
[WhiteElo "2086"]
[BlackElo "1958"]
[PlyCount "50"]
[GameId "2160767909284115"]
[EventDate "2013.08.14"]
[EventType "swiss"]
[EventRounds "9"]
[EventCountry "CAN"]
[SourceTitle "EXT 2022"]
[Source "ChessBase"]
[SourceDate "2021.10.06"]
[SourceVersion "1"]
[SourceVersionDate "2021.10.06"]
[SourceQuality "1"]

1. d4 d5 2. c4 c6 3. cxd5 cxd5 4. Nc3 Nf6 5. Bf4 Nc6 6. e3 Bf5 7. Qb3 Qd7 8. Nf3 Na5 9. Qb5 Qxb5 10. Nxb5 Rc8 11. Nc7+ Kd8 12. Ne5 Bg6 13. Nxg6 hxg6 14. Nb5 a6 15. Nc3 e6 16. Bd3 Bb4 17. Rc1 Bxc3+ 18. Rxc3 Rxc3 19. bxc3 Kd7 20. Be5 Rc8 21. Bxf6 gxf6 22. Kd2 Nc4+ 23. Bxc4 Rxc4 24. Rb1 b5 25. Rb4 Rc8 1/2-1/2